|
|
|
|
| LEADER |
00000nab#a22000007a#4500 |
| 001 |
arbauad040946 |
| 003 |
AR-BaUAD |
| 005 |
20250711113216.0 |
| 008 |
991018|||||||||###||||||b###|0###a|spa|| |
| 040 |
|
|
|a AR-BaUAD
|c AR-BaUAD
|b spa
|
| 245 |
1 |
0 |
|a Showcase
|
| 300 |
0 |
|
|b fot.
|
| 653 |
|
|
|a PESCE, GAETANO
|
| 653 |
|
|
|a GIOVANETTI, RICCARDO
|
| 653 |
|
|
|a MAURER, INGO
|
| 653 |
|
|
|a ARAD, RON
|
| 653 |
|
|
|a AZUMI, TOMOKO
|
| 653 |
|
|
|a CHIA, PATRICK
|
| 653 |
|
|
|a SAPORITI
|
| 653 |
|
|
|a EYAL, IRIS
|
| 653 |
|
|
|a MUEBLES
|
| 653 |
|
|
|a SILLAS
|
| 653 |
|
|
|a SILLONES
|
| 653 |
|
|
|a REPOSERAS
|
| 653 |
|
|
|a MESAS
|
| 653 |
|
|
|a MESAS DE LUZ
|
| 653 |
|
|
|a ARTEFACTOS
|
| 653 |
|
|
|a ILUMINACION
|
| 653 |
|
|
|a LAMPARAS
|
| 653 |
|
|
|a RESINA
|
| 653 |
|
|
|a FIBRA DE VIDRIO
|
| 653 |
|
|
|a DISEÑO INDUSTRIAL
|
| 773 |
0 |
|
|t MODO
|g no. 198 [ago.-set. 1999], p. 18-21
|
| 942 |
|
|
|c ARTI
|
| 952 |
|
|
|0 0
|1 0
|4 0
|7 0
|9 85865
|a AR-BAuAD
|b AR-BAuAD
|d 2025-07-11
|l 0
|p AAQA040946
|r 2025-07-11 11:32:16
|w 2025-07-11
|y ARTI
|
| 990 |
|
|
|a DI199
|b TD
|
| 998 |
|
|
|a AAQ
|b BIBUN76
|
| 999 |
|
|
|c 65538
|d 65538
|